| 000 | 01242cab a2200193 4500 | ||
|---|---|---|---|
| 001 | L130656 | ||
| 008 | 050823n2005 000 0 eng u | ||
| 035 | _a(Sirsi) u130656 | ||
| 041 | _aeng | ||
| 100 | _aGordon, Warren | ||
| 245 |
_aCase news _bN Smith v First SOS and another |
||
| 260 | _c2005 | ||
| 490 |
_aProperty Week _v70(32) 12 August 2005, 59(1) |
||
| 520 | _aDiscusses the appeal, N Smith V First SOS and Mid-Bedfordshire DC ([2005] EWCA Civ 859, [2005] NPC 99). Despite enforcement notices being served on a site where planning permission for a gypsy caravan park had been refused, development continued. Appeals were made against the decision, but eventually a HC injunction was made granting the removal of all the occupants of the site. This injunction was delayed until this appeal was heard. Objection to the site was made on three points, crime, the shift from an authorised to unauthorised site, and competition for local work. The court found that evidence of these problems was not sufficient to establish real concern, and the matter was sent back to the SOS or reconsideration. | ||
| 590 | _aIKA300805 | ||
| 650 | _aN SMITH V SOS AND MID-BEDFORSHIRE DC | ||
| 690 |
_aPlanning and development _96259 |
||
| 942 | _n0 | ||
| 999 |
_c75759 _d75759 |
||